Colección de Documentos Históricos recopilados del Archivo del Arzobispado. de Santiago.
Kaydedildi:
| Yazar: | |
|---|---|
| Materyal Türü: | Kitap |
| Dil: | İspanyolca |
| Baskı/Yayın Bilgisi: |
Santiago, Chile
Imprenta de San José
1919
|
| Konular: | |
| Etiketler: |
Etiketle
Etiket eklenmemiş, İlk siz ekleyin!
|
MARC
| LEADER | 00000nam a2200000 a 4500 | ||
|---|---|---|---|
| 001 | UCJ7032 | ||
| 003 | CL-VaPUC | ||
| 005 | 20250103100404.0 | ||
| 008 | 070124e19190511CL |||||||||||||||||spa|d | ||
| 999 | |c 323134 |d 323132 | ||
| 040 | |c Pontificia Universidad Católica de Valparaíso | ||
| 082 | 0 | 4 | |a 983 LIZ 1919 |2 21 |
| 100 | |a Lizana M., Elías |e autor |9 514878 | ||
| 245 | 1 | 0 | |a Colección de Documentos Históricos recopilados del Archivo del Arzobispado. de Santiago. |
| 260 | 0 | 3 | |a Santiago, Chile |b Imprenta de San José |c 1919 |
| 300 | |a 4 tomos. | ||
| 500 | |a Ubicado provisoriamente en uno de los estantes Budge en el depósito principal | ||
| 505 | |a t.1: Cartas de los Obispos al Rey. 1564-1814. t.2: Cedulario I, 1548-1649. t.3: Cedulario II, 1650-1699. t.4: Cedulario III, 1700-1720. | ||
| 583 | |a last modification |c 20070124 00:00:00 |k Rodrigo Vera | ||
| 600 | 0 | 7 | |a REVISTA CATOLICA |2 CL-VaPUC |9 511395 |
| 600 | 0 | 7 | |a GONZALEZ MARMOLEJO, RODRIGO |2 CL-VaPUC |9 514879 |
| 600 | 0 | 7 | |a ERRAZURIZ, CRESCENTE |2 CL-VaPUC |9 372040 |
| 600 | 0 | 7 | |a ALDAY Y ASPEE, MANUEL DE |2 CL-VaPUC |9 314098 |
| 650 | 0 | |a Fuentes Históricas |9 265141 | |
| 650 | 0 | |a Colonización española |9 256592 | |
| 650 | 0 | |a Iglesia Católica |9 256114 | |
| 650 | 0 | |a Correspondencia |9 258963 | |
| 650 | 0 | |a Órdenes religiosas |9 257499 | |
| 942 | |c BK |2 ddc | ||
| 945 | |d 20070124 00:00:00 |a rinostro | ||
| 952 | |0 0 |1 0 |2 ddc |4 0 |6 983_000000000000000_LIZ_1919 |7 0 |8 X |9 402463 |a FDOBUD |b FDOBUD |d 2019-11-22 |h v.1 |i 105709K |o 983 LIZ 1919 |p 105709K |r 2019-11-22 |t 1 |w 2019-11-22 |y BK_X |k BUD | ||
| 952 | |0 0 |1 0 |2 ddc |4 0 |6 983_000000000000000_LIZ_1919 |7 0 |8 X |9 402464 |a FDOBUD |b FDOBUD |d 2019-11-22 |h v.2 |i 1057103 |o 983 LIZ 1919 |p 1057103 |r 2019-11-22 |t 1 |w 2019-11-22 |y BK_X |k BUD | ||
| 952 | |0 0 |1 0 |2 ddc |4 0 |6 983_000000000000000_LIZ_1919 |7 0 |8 X |9 402465 |a FDOBUD |b FDOBUD |d 2019-11-22 |h v.3 |i 1057111 |o 983 LIZ 1919 |p 1057111 |r 2019-11-22 |t 1 |w 2019-11-22 |y BK_X |k BUD | ||
| 952 | |0 0 |1 0 |2 ddc |4 0 |6 983_000000000000000_LIZ_1919 |7 0 |8 X |9 402466 |a FDOBUD |b FDOBUD |d 2019-11-22 |h v.4 |i 105712K |o 983 LIZ 1919 |p 105712K |r 2019-11-22 |t 1 |w 2019-11-22 |y BK_X |k BUD | ||
| 952 | |0 0 |1 0 |2 ddc |4 0 |6 983_000000000000000_LIZ_1919 |7 0 |8 X |9 402467 |a FDOBUD |b FDOBUD |d 2019-11-22 |h v.1 |i 1062697 |o 983 LIZ 1919 |p 1062697 |r 2019-11-22 |t 2 |w 2019-11-22 |y BK_X |k BUD | ||
| 952 | |0 0 |1 0 |2 ddc |4 0 |6 983_000000000000000_LIZ_1919 |7 0 |8 X |9 402468 |a FDOBUD |b FDOBUD |d 2019-11-22 |h v.1 |i 4596412 |o 983 LIZ 1919 |p 4596412 |r 2019-11-22 |t 3 |w 2019-11-22 |y BK_X |k BUD | ||